000 01474cam a22003857a 4500
003 CHAP
005 20220817043803.0
008 010810d2000 mx r 00110 spa d
010 _a84431
011 _a85403
020 _a8485441303
035 _a95936
040 _cCHAP
082 0 4 _a635.977
_bC3
100 0 0 _aCambra Ruíz de Velasco, Rafael.
_917798
245 1 0 _aFrutales ornamentales :
_barboles y arbustos
_c/por Rafael Cambra Ruiz de Velasco
260 _aMadrid :
_bAgrícola Española
_c(1994)
300 _a515 p. :
_bilus.
590 _aBATCH-UPD
_b10
_c20130110
_lUCH01
_h1217
590 _aBATCH-UPD
_b10
_c20130410
_lUCH01
_h0754
590 _aBATCH-UPD
_b10
_c20130914
_lUCH01
_h2145
590 _aBATCH-UPD
_b10
_c20170620
_lUCH01
_h0913
590 _aCONVERSION
_b10
_c20130109
_lUCH01
_h1347
650 1 4 _aArboles frutales.
650 1 4 _aÁrboles ornamentales.
_96693
650 1 4 _aArbustos.
_96713
901 _aBK
905 _aAlejandra Carrasco M.
942 _cLIBRO
949 _a635.977 C3
_bBC
_cLIBRO
_d33724000843272
_eLIBRO
_h101031
_i95936
_si
_t$ 380.80
949 _a635.977 C3
_bBC
_cLIBRO
_d33724000843280
_eLIBRO
_fc.2
_h101032
_i95936
_si
_t$ 380.80
949 _a635.977 C3
_bBC
_cLIBRO
_d33724000964508
_eLIBRO
_fc.5
_gI.c/e
_h107264
_i95936
_si
_t$448.00
949 _a635.977 C3
_bBC
_cLIBRO
_d33724000964565
_eLIBRO
_fc.4
_gI.c/e
_h107263
_i95936
_sb
_t$448.00
949 _a635.977 C3
_bBC
_cLIBRO
_d33724000978904
_eLIBRO
_fc.3
_gI.c/e
_h106672
_i95936
_sb
_t$ 542.00
999 _c84431
_d84431